[Event "ITA-ch U20"]
[Site "Tarvisio"]
[Date "2023.07.06"]
[Round "5"]
[White "Calissano, Corrado"]
[Black "Peloni, Davide"]
[Result "0-1"]
[WhiteElo "1450"]
[BlackElo "1930"]
[PlyCount "76"]
[EventDate "2023.07.02"]
[EventType "swiss"]
[EventRounds "9"]
[EventCountry "ITA"]
[SourceTitle "EXT 2024"]
[Source "ChessBase"]
[SourceDate "2023.10.10"]
[SourceVersion "1"]
[SourceVersionDate "2023.10.10"]
[SourceQuality "1"]

1. e4 c5 2. Nf3 d6 3. d4 cxd4 4. Nxd4 Nf6 5. Nc3 Nc6 6. Bg5 e6 7. Qd2 a6 8. 0-0-0 Bd7 9. f3 Nxd4 10. Qxd4 b5 11. e5 dxe5 12. Qxe5 Be7 13. g4 Nxg4 14. Qxg7 Bxg5+ 15. f4 Qf6 16. Qxg5 Qxg5 17. fxg5 Nf2 18. Bg2 0-0-0 19. Rd6 Nxh1 20. Bxh1 b4 21. Ne4 Bb5 22. a4 bxa3 23. bxa3 Kc7 24. Rd2 Rxd2 25. Kxd2 h6 26. Bf3 hxg5 27. Nxg5 Rxh2+ 28. Kc3 Rf2 29. Kb3 Bc6 30. Bd1 Kd6 31. c4 e5 32. Kb4 e4 33. Ba4 e3 34. c5+ Kc7 35. Bd1 e2 36. Bxe2 Rxe2 37. Nxf7 a5+ 38. Kxa5 Re4 0-1